000 00953nas a22002177a 4500
999 _c121081
_d121081
001 K121081
007 ta
008 190809b2019 ||||| |||| 00| 0 eng d
041 _aeng
100 _aCranke, Sarah
245 _aOpen all hours
490 _aRICS Property Journal
_vJuly/August 2019, 10-11(2)
520 _aAs globalisation and flexible working extends workplace operating hours, examines the impact for facilities managers in terms of costs and operational functions. Highlights issues such as fitting in maintenance to avoid disruption to business and users, using smart technology and a general change in culture and attitudes.
650 _aGLOBALISATION
650 _aFLEXIBLE WORKING
650 _aSMART TECHNOLOGY
651 _aUnited Kingdom 1973
690 _96240
_aFacilities management
700 _aGreen, David
856 _uhttps://issuu.com/ricsmodus/docs/property_journal_july-aug_2019/34
_yAvailable free online via Issuu